Holiday Quiz

Random Holiday or Country Quiz

Santa Claus, Where Are You? Quiz Stats

Quiz Updated Dec 24, 2017

Also try: Cities on Parade
Challenge
Share
Tweet
Score 0/15 Timer 04:00
6 Plays Today
% Correct
United States
98.4%
France
97.9%
Italy
97.1%
Australia
96.5%
Japan
95.1%
United Kingdom
92.4%
China
85.9%
India
85.5%
% Correct
Palestine
69.9%
Canada
68.9%
Thailand
60%
Brazil
58.5%
Denmark
35.2%
Germany
34%
Belgium
32%

You're not logged in!

Compare scores with friends on all Sporcle quizzes.
Sign Up with Email
OR
Log In

You Might Also Like...

Show Comments

Extras

Top Quizzes Today


Score Distribution

Your Account Isn't Verified!

In order to create a playlist on Sporcle, you need to verify the email address you used during registration. Go to your Sporcle Settings to finish the process.